| 000 | 00445nam a2200193Ia 4500 | ||
|---|---|---|---|
| 008 | 140626s9999 xx 000 0 und d | ||
| 100 | _aSupetran, Bernard. | ||
| 245 |
_aSwiss souvenir / _cBernard Supetran. |
||
| 260 | _cc2013. | ||
| 300 | _a5 : 7, page 44 | ||
| 440 | _aView | ||
| 521 | _aTOU | ||
| 650 | _aLake bulusan. | ||
| 650 | _aPhilippines. | ||
| 650 | _aSorsogon. | ||
| 650 | _aTourism. | ||
| 650 | _aTravel. | ||
| 942 | _cSE | ||
| 999 |
_c121116 _d121116 |
||